Google Maps Cities - Cyprus - Statistics

General Stats
  • This quiz has been taken 26 times
  • The average score is 5 of 9
Answer Stats
City % Correct
Nicosia
95%
Limassol
89%
Paphos
89%
Larnaca
79%
Gazimagusa
53%
Ayia Napa
26%
Polis Chrysochous
21%
Dipkarpaz
16%
Yeni Erenkoy
5%
No matching quizzes found
Score Distribution
Percent of People with Each Score
Percentile by Number Answered
Your Score History
You have not taken this quiz